India Wins Freedom (Record no. 158536)

MARC details
000 -LEADER
fixed length control field 00726nam a22001937a 4500
005 - DATE AND TIME OF LATEST TRANSACTION
control field 20230626122809.0
010 ## - LCCN (DPL NO)
LC control number B-712834
020 ## - INTERNATIONAL STANDARD BOOK NUMBER
International Standard Book Number 9788125005148
Terms of availability 395.00
035 ## - SYSTEM CONTROL NUMBER
System control number B-712834
037 ## - SOURCE OF ACQUISITION
Source of stock number/acquisition L/RP/RK Books
082 ## - DEWEY DECIMAL CLASSIFICATION NUMBER
Classification number 954.035
100 ## - MAIN ENTRY--PERSONAL NAME
Personal name Maulana Abul Kalam Azad
245 ## - TITLE STATEMENT
Title India Wins Freedom
Statement of responsibility, etc By Maulana Abul Aklam Azad
260 ## - PUBLICATION, DISTRIBUTION, ETC. (IMPRINT)
Place of publication, distribution, etc Hyderabad
Name of publisher, distributor, etc Orient Blackswan
Date of publication, distribution, etc 2017
270 ## - ADDRESS
Address 3-6-752 Himayatnagar,
City Hyderabad
Postal code 500029
Electronic mail address info@orientblackswan.com
300 ## - PHYSICAL DESCRIPTION
Extent 283p.
Dimensions 21cm(pbk)
942 ## - ADDED ENTRY ELEMENTS (KOHA)
Source of classification or shelving scheme Dewey Decimal Classification
Item type English Books
Classification part 954.035
Call number suffix MAU
Holdings
Withdrawn status Lost status Not for loan Collection code Home library Current library Date acquired Source of acquisition Cost, normal purchase price Full call number Barcode Copy number Cost, replacement price Koha item type Public note
      Non-fiction Central Library Central Library 02/11/2018 RK Books/IN1966/18.10.2018/169/10.10.2018/31.10.2018 395.00 954.035 MAU B-712834 1 395.00 English Books RP

© Delhi Public Library
Hit Counter
free hit counter